Your Woman - White Town - All Lyrics - Statistics

General Stats
  • This quiz has been taken 39 times
  • The average score is 244 of 278
Answer Stats
Answer % Correct
a
100%
and
100%
And
100%
be
100%
could
100%
for
100%
hear
100%
I
100%
is
100%
Is
100%
never
100%
woman
100%
you
100%
You
100%
your
100%
my
95%
say
95%
the
95%
to
95%
what
95%
When
95%
But
91%
me
91%
me,
91%
no
91%
of
91%
so
91%
So
91%
that
91%
been
86%
don't
86%
girl
86%
in
86%
It
86%
it
86%
kind
86%
know
86%
like
86%
tell
86%
then
86%
true
86%
way
86%
way?
86%
Well,
86%
away
82%
from
82%
heart,
82%
heart
82%
long
82%
right
82%
said
82%
She
82%
she
82%
this
82%
you've
82%
guess
77%
I’ve
77%
Just
77%
man
77%
Now
77%
waiting
77%
walk
77%
we're
77%
all
73%
best
73%
can't
73%
did
73%
even
73%
friend
73%
knew
73%
play
73%
same
73%
start
73%
truth
73%
Why
73%
wish
73%
yesterday
73%
always
68%
as
68%
Boy,
68%
liked
68%
mind
68%
much
68%
saw
68%
they
68%
up
68%
ways
68%
you're
68%
got
64%
such
64%
surprise
64%
think
64%
through
64%
understand
64%
unkind
64%
being
59%
charming,
59%
claim
59%
comes
59%
genes?
59%
handsome
59%
Marxist
59%
use
59%
finally
55%
held
55%
highbrow
55%
life
55%
out,
55%
see
55%
with
55%
crap
50%
spend
50%
sure
50%
that's
50%
cut
45%
find
41%
I'll
41%
soon
36%
at
32%
No matching quizzes found
Score Distribution
Percent of People with Each Score
Percentile by Number Answered
Your Score History
You have not taken this quiz